000 01037nam a2200229Ia 4500
008 0000001989 sp ad 0000000000spa00
090 _aPSP00 S15s
245 1 0 _aSantiago Rodríguez del Hoyo
_c/ fotografías Ciuco Gutiérrez
300 _a[16] p.
_c/ 21 cm.
500 _aExposición realizada en Sala de Exposiciónones de la Diputación de Huesca, diciembre 1 a 12 de 1989 \ Incluye cronología del artista \ Registro auspiciado por la FGAA. Bogotá
505 _aOBRAS : Puerto lapice El trabajo de los vivos 1 Cerca del mono El trabajo de los vivos II 3 años El trabajo de los vivos III
600 0 0 _aRODRIGUEZ DEL HOYO, SANTIAGO, 1960/
_xTRABAJOS PICTORICOS
650 1 4 _aARTE CONTEMPORANEO ESPAÑOL
650 1 4 _aARTISTAS PLASTICOS ESPAÑOLES EXPOSIONES
650 1 4 _xCATALOGOS
650 1 4 _xEXPOSICIONES
650 1 4 _aEXPRESIONISMO (ARTE)
650 1 4 _aPINTORES ESPAÑOLES
650 1 4 _aPINTURA ESPAÑOLA
700 1 _aGutiérrez, Ciuco
999 _c10596
_d10596
260 _aHuesca : Diputación de Huesca
_c1989